000
00235nam a22000857a 4500
008
220217b ||||| |||| 00| 0 eng d
100
_a
Kohler, Heinrich
245
_a
The Erivan Collection - Worldwide Rarities
650
_a
Worldwide | Rarities
999
_c
3328
_d
3328